[Event "zonal 14"]
[Site "Espoo FIN"]
[Date "1989.??.??"]
[Round "?"]
[White "Ostenstad, Berge"]
[Black "Olafsson, Helgi"]
[Result "1/2-1/2"]
[WhiteElo "2430"]
[BlackElo "2545"]
[EventDate "1989.07.??"]
[PlyCount "155"]

1.d4 Nf6 2.Nf3 g6 3.c4 Bg7 4.Nc3 d5 5.cxd5 Nxd5 6.e4 Nxc3 7.bxc3 c5 8.Be3 
Qa5 9.Qd2 Nc6 10.Rb1 a6 11.Rc1 cxd4 12.cxd4 Qxd2+ 13.Kxd2 f5 14.d5 Nb4 15.
Bc4 fxe4 16.Ng5 b5 17.Bb3 a5 18.d6 exd6 19.a3 Na6 20.Nxe4 Bb2 21.Rc2 Bxa3 
22.Nf6+ Kd8 23.Bb6+ Ke7 24.Nd5+ Kf8 25.Bd4 Nc5 26.Rxc5 dxc5 27.Bxh8 Be6 
28.Ra1 b4 29.Ke3 Re8 30.Kf4 Bf7 31.Bc4 h6 32.Ne3 g5+ 33.Kg3 Rxe3+ 34.fxe3 
Bxc4 35.Kf3 Ke7 36.Ke4 Ke6 37.Bg7 Bd5+ 38.Kd3 c4+ 39.Kd2 h5 40.Rxa3 bxa3 
41.g3 g4 42.Kc3 a2 43.Kb2 Kf5 44.Kxa2 Ke4 45.Bc3 a4 46.Ka3 Kf3 47.Kxa4 Kg2
48.e4 Bg8 49.Kb4 Kxh2 50.Be1 Kg2 51.Kc3 Kf1 52.Bd2 Kf2 53.Bf4 Kf3 54.Bd6 
Kg2 55.Kd2 Kh3 56.Ke3 h4 57.gxh4 Kxh4 58.Kf2 Bh7 59.Bg3+ Kh3 60.e5 Bg8 61.
Bf4 Bd5 62.Bg3 Bf7 63.Bf4 Bd5 64.Bg3 Be6 65.Bf4 Kh4 66.Bg3+ Kg5 67.Ke3 Kg6
68.Kd4 Kf7 69.Be1 Ke7 70.Kc5 Kd7 71.Kb5 Kc7 72.Kc5 Bg8 73.Ba5+ Kb7 74.Be1 
Ka6 75.Kd6 Kb5 76.e6 Ka4 77.e7 Bf7 78.Ke5 1/2-1/2

[Event "zonal 14"]
[Site "Espoo FIN"]
[Date "1989.??.??"]
[Round "?"]
[White "Ostenstad, Berge"]
[Black "Tisdall, Jonathan"]
[Result "0-1"]
[WhiteElo "2430"]
[BlackElo "2465"]
[EventDate "1989.07.??"]
[PlyCount "62"]

1.d4 Nf6 2.Nf3 d5 3.c4 dxc4 4.Nc3 c6 5.a4 Bf5 6.Ne5 e6 7.f3 Bb4 8.e4 Bxe4 
9.fxe4 Nxe4 10.Bd2 Qxd4 11.Nxe4 Qxe4+ 12.Qe2 Bxd2+ 13.Kxd2 Qd5+ 14.Kc2 Na6
15.Nxc4 O-O 16.Qe5 Rfd8 17.Be2 f6 18.Qe3 Qf5+ 19.Kb3 b5 20.axb5 Qxb5+ 21.
Kc3 Rab8 22.Ra3 Nb4 23.Qxe6+ Kh8 24.b3 Qc5 25.Rd1 Re8 26.Qg4 f5 27.Qf3 Qe7
28.Bf1 Qf6+ 29.Kd2 Rbd8+ 30.Kc1 Rxd1+ 31.Kxd1 Qd4+ 0-1

[Event "zonal 14"]
[Site "Espoo FIN"]
[Date "1989.??.??"]
[Round "?"]
[White "Ostenstad, Berge"]
[Black "Yrjola, Jouni"]
[Result "1/2-1/2"]
[WhiteElo "2430"]
[BlackElo "2460"]
[EventDate "1989.07.??"]
[PlyCount "70"]

1.d4 d6 2.e4 Nf6 3.Nc3 g6 4.Nf3 Bg7 5.Be2 O-O 6.O-O Bg4 7.Be3 Nc6 8.d5 
Bxf3 9.Bxf3 Ne5 10.Be2 c6 11.a4 Qa5 12.Ra3 Ned7 13.Qd2 Nc5 14.dxc6 bxc6 
15.e5 Ne8 16.exd6 Nxd6 17.Ne4 Qxd2 18.Nxd2 Ne6 19.Nc4 Nd4 20.Bxd4 Bxd4 21.
Rb3 Rfb8 22.Na5 Rxb3 23.cxb3 Rc8 24.Bf3 c5 25.Nc6 Rc7 26.b4 Bxb2 27.bxc5 
Nc4 28.Re1 Nd2 29.Nxe7+ Kf8 30.Nd5 Rxc5 31.Ne3 Nxf3+ 32.gxf3 Bc3 33.Rb1 
Ra5 34.Rb8+ Kg7 35.Rb3 Bf6 1/2-1/2

[Event "zonal 14"]
[Site "Espoo FIN"]
[Date "1989.??.??"]
[Round "?"]
[White "Petursson, Margeir"]
[Black "Arnason, Jon"]
[Result "1/2-1/2"]
[WhiteElo "2590"]
[BlackElo "2520"]
[EventDate "1989.07.??"]
[PlyCount "68"]

1.d4 Nf6 2.c4 e6 3.Nc3 Bb4 4.Qc2 O-O 5.a3 Bxc3+ 6.Qxc3 b6 7.Bg5 Bb7 8.f3 
h6 9.Bh4 d5 10.e3 Nbd7 11.Nh3 Rc8 12.c5 c6 13.b4 e5 14.Bg3 Qe7 15.Kf2 Rce8
16.Re1 Nh5 17.Bd3 Qf6 18.Rhf1 Re7 19.Kg1 Nxg3 20.hxg3 Rfe8 21.Nf2 h5 22.f4
exd4 23.exd4 Rxe1 24.Rxe1 Rxe1+ 25.Qxe1 h4 26.Qe3 Nf8 27.f5 hxg3 28.Nh1 
bxc5 29.bxc5 Bc8 30.Nxg3 Bd7 31.Qf4 Ne6 32.Qb8+ Nf8 33.Qf4 Ne6 34.Qb8+ Nf8
1/2-1/2

[Event "zonal 14"]
[Site "Espoo FIN"]
[Date "1989.??.??"]
[Round "?"]
[White "Petursson, Margeir"]
[Black "Larsen, Bent"]
[Result "1-0"]
[WhiteElo "2590"]
[BlackElo "2530"]
[EventDate "1989.07.??"]
[PlyCount "131"]

1.d4 Nf6 2.c4 e6 3.Nc3 Bb4 4.Qc2 c5 5.dxc5 O-O 6.a3 Bxc5 7.Nf3 b6 8.Bg5 
Bb7 9.e4 h6 10.Bh4 Be7 11.Rd1 Nc6 12.Be2 Nh5 13.Bxe7 Qxe7 14.Qd2 Rad8 15.
O-O d6 16.Qe3 Nf6 17.Nd4 Rd7 18.Rd2 Nxd4 19.Rxd4 Bc6 20.Rfd1 Rb8 21.Bf3 e5
22.R4d3 a5 23.Qd2 Ne8 24.Bg4 Rc7 25.Be2 Qg5 26.Qxg5 hxg5 27.Rg3 f6 28.Bh5 
a4 29.Rgd3 Kf8 30.f3 Bd7 31.Bxe8 Bxe8 32.Rxd6 Rxc4 33.R1d2 b5 34.Na2 g4 
35.Kf2 gxf3 36.gxf3 Rbc8 37.Ke3 Rc2 38.Nb4 Rc1 39.Rd1 Ke7 40.Rd8 Rxd1 41.
Rxc8 Bd7 42.Rg8 Kf7 43.Rb8 Rb1 44.Nd5 Bc6 45.Nb4 Be8 46.Nd3 Rh1 47.f4 
exf4+ 48.Nxf4 Bc6 49.Rb6 Re1+ 50.Ne2 Bd7 51.Rb7 Ke8 52.Kd3 Rh1 53.Nc3 Rxh2
54.Nxb5 g5 55.Nc7+ Kd8 56.Nd5 Bc8 57.Rg7 Be6 58.Nxf6 Rxb2 59.Kd4 Ra2 60.
Ke5 Bb3 61.Kd6 Rxa3 62.Re7 Kc8 63.Kc6 Kb8 64.Nd7+ Ka7 65.Nc5+ Kb8 66.Na6+ 
1-0

[Event "zonal 14"]
[Site "Espoo FIN"]
[Date "1989.??.??"]
[Round "?"]
[White "Petursson, Margeir"]
[Black "Mortensen, Erling"]
[Result "1-0"]
[WhiteElo "2590"]
[BlackElo "2475"]
[EventDate "1989.07.??"]
[PlyCount "55"]

1.d4 Nf6 2.c4 g6 3.Nc3 Bg7 4.e4 d6 5.f3 O-O 6.Be3 c5 7.dxc5 dxc5 8.Qxd8 
Rxd8 9.Bxc5 Nc6 10.Nd5 Nd7 11.Ba3 e6 12.Nc7 Rb8 13.O-O-O a6 14.f4 Bf8 15.
Bxf8 Kxf8 16.Nf3 Ke7 17.Re1 Na7 18.b4 Kd6 19.Nd5 exd5 20.exd5 Nf6 21.c5+ 
Kc7 22.d6+ Kc6 23.Ne5+ Kd5 24.Bc4+ Kd4 25.Re2 Nc6 26.Rd1+ Kc3 27.a3 Nxe5 
28.Rc2# 1-0

[Event "zonal 14"]
[Site "Espoo FIN"]
[Date "1989.??.??"]
[Round "?"]
[White "Petursson, Margeir"]
[Black "Olafsson, Helgi"]
[Result "1/2-1/2"]
[WhiteElo "2590"]
[BlackElo "2545"]
[EventDate "1989.07.??"]
[PlyCount "25"]

1.d4 Nf6 2.c4 e6 3.Nf3 b6 4.g3 Bb7 5.Bg2 Be7 6.O-O O-O 7.Nc3 Ne4 8.Qc2 
Nxc3 9.Qxc3 c5 10.Rd1 d6 11.b3 Bf6 12.Bb2 Qe7 13.Qc2 1/2-1/2

[Event "zonal 14"]
[Site "Espoo FIN"]
[Date "1989.??.??"]
[Round "?"]
[White "Petursson, Margeir"]
[Black "Westerinen, Heikki"]
[Result "1-0"]
[WhiteElo "2590"]
[BlackElo "2435"]
[EventDate "1989.07.??"]
[PlyCount "53"]

1.d4 Nf6 2.c4 d6 3.Nc3 Nbd7 4.e4 e5 5.d5 Nc5 6.f3 a5 7.Be3 Be7 8.Qd2 h6 9.
O-O-O O-O 10.Kb1 Nh7 11.g4 Bg5 12.h4 Bxe3 13.Qxe3 Bd7 14.Nge2 Na4 15.Nxa4 
Bxa4 16.Rd2 Qb8 17.g5 h5 18.f4 exf4 19.Nxf4 g6 20.Bh3 Qe8 21.Nxg6 fxg6 22.
Be6+ Kg7 23.Qc3+ Nf6 24.Rf2 Bd7 25.gxf6+ Kh7 26.f7 Qe7 27.Rf6 1-0

[Event "zonal 14"]
[Site "Espoo FIN"]
[Date "1989.??.??"]
[Round "?"]
[White "Schussler, Harry"]
[Black "Arnason, Jon"]
[Result "1-0"]
[WhiteElo "2540"]
[BlackElo "2520"]
[EventDate "1989.07.??"]
[PlyCount "59"]

1.d4 Nf6 2.c4 e6 3.Nf3 b6 4.g3 Ba6 5.b3 Bb7 6.Bg2 Bb4+ 7.Bd2 c5 8.O-O O-O 
9.dxc5 bxc5 10.Nc3 d5 11.Ne5 Qe7 12.cxd5 exd5 13.Nd3 Bxc3 14.Bxc3 Ne4 15.
Rc1 Nd7 16.Bb2 Rac8 17.Nf4 Nb6 18.e3 Rfd8 19.Re1 Rc6 20.Qg4 g6 21.Nxd5 
Nxd5 22.Qxe4 Re6 23.Qc4 Nb4 24.Bxb7 Qxb7 25.Red1 Rc8 26.Qxc5 Rce8 27.Qc3 
f6 28.Qc7 Qf3 29.Rd7 Qh5 30.Qb7 1-0

[Event "zonal 14"]
[Site "Espoo FIN"]
[Date "1989.??.??"]
[Round "?"]
[White "Schussler, Harry"]
[Black "Hansen, Curt"]
[Result "1/2-1/2"]
[WhiteElo "2540"]
[BlackElo "2550"]
[EventDate "1989.07.??"]
[PlyCount "71"]

1.d4 Nf6 2.c4 e6 3.Nf3 b6 4.g3 Ba6 5.b3 Bb7 6.Bg2 Bb4+ 7.Bd2 c5 8.O-O O-O 
9.dxc5 bxc5 10.Nc3 d5 11.Ne5 Qc7 12.Nd3 dxc4 13.Nb5 Qb6 14.Bxb7 Qxb7 15.
Nd6 Qd5 16.Nxc4 Bxd2 17.Qxd2 Nc6 18.Rac1 Rfd8 19.Qe3 Ng4 20.Qxc5 Nd4 21.
Rfe1 Nxe2+ 22.Rxe2 Qxd3 23.Rd2 Qf3 24.Rxd8+ Rxd8 25.Qxa7 h5 26.h3 Ra8 27.
Qd4 Nh6 28.Qd2 Nf5 29.Rc3 Qe4 30.Rd3 e5 31.a4 Ra6 32.Rd8+ Kh7 33.Qd3 Qe1+ 
34.Qf1 Qb4 35.Nxe5 Rf6 36.Qd1 1/2-1/2

[Event "zonal 14"]
[Site "Espoo FIN"]
[Date "1989.??.??"]
[Round "?"]
[White "Schussler, Harry"]
[Black "Larsen, Bent"]
[Result "0-1"]
[WhiteElo "2540"]
[BlackElo "2530"]
[EventDate "1989.07.??"]
[PlyCount "88"]

1.d4 Nf6 2.c4 e6 3.Nf3 b6 4.g3 Bb7 5.Bg2 Bb4+ 6.Bd2 Bxd2+ 7.Qxd2 O-O 8.Nc3
d6 9.d5 Nbd7 10.O-O Re8 11.b4 e5 12.e4 Qe7 13.Qc2 g6 14.Nd2 h5 15.Na4 c6 
16.dxc6 Bxc6 17.Nc3 a5 18.a3 Nf8 19.Qd3 Ne6 20.Rfd1 Red8 21.Nb3 Kg7 22.Nd5
Bxd5 23.cxd5 Ng5 24.Nd2 Rdc8 25.h4 Ngh7 26.Bh3 Rc7 27.Nc4 Rb7 28.Qe3 Qd8 
29.Rdb1 Rab8 30.Ra2 Ng4 31.Qf3 Rc7 32.Ne3 Nxe3 33.Qxe3 Nf6 34.Rab2 a4 35.
Qd3 Rbb7 36.Bg2 Qc8 37.Qd2 Rc4 38.Bf1 Rd4 39.Qc2 Rc7 40.Qxa4 Nxe4 41.Re1 
Nd2 42.Kg2 Rc3 43.Qa6 Qf5 44.Qe2 Nf3 0-1

[Event "zonal 14"]
[Site "Espoo FIN"]
[Date "1989.??.??"]
[Round "?"]
[White "Schussler, Harry"]
[Black "Westerinen, Heikki"]
[Result "1/2-1/2"]
[WhiteElo "2540"]
[BlackElo "2435"]
[EventDate "1989.07.??"]
[PlyCount "149"]

1.c4 e5 2.Nc3 f5 3.d4 exd4 4.Qxd4 Nc6 5.Qe3+ Kf7 6.g3 Nf6 7.Bg2 Bb4 8.a3 
Re8 9.Qd2 Bxc3 10.Qxc3 Ne4 11.Qd3 Qf6 12.Nh3 Qd4 13.Be3 Qxb2 14.Qd5+ Kf8 
15.Qxf5+ Qf6 16.Qxf6+ Nxf6 17.O-O b6 18.Nf4 Bb7 19.Nd5 Rac8 20.Rfd1 Nxd5 
21.cxd5 Na5 22.Rac1 Ba6 23.Rc2 Nc4 24.Bc1 Nd6 25.Bf3 Ne4 26.Be3 Bb5 27.Rd4
Nf6 28.Rb4 c6 29.a4 Ba6 30.dxc6 dxc6 31.Rxc6 Rxc6 32.Bxc6 Rc8 33.Bf3 Rc2 
34.Kf1 Bc4 35.Ke1 Bd5 36.g4 Bxf3 37.exf3 Nd5 38.Re4 Ra2 39.Bd2 Kf7 40.h3 
Ra1+ 41.Ke2 Rh1 42.Re5 Nc7 43.h4 g6 44.a5 Ne6 45.Rd5 Rxh4 46.Rd7+ Ke8 47.
Rxa7 bxa5 48.Rxa5 h5 49.Ra8+ Kf7 50.Ra7+ Ke8 51.Ra4 hxg4 52.fxg4 Kd7 53.
Be3 Kd6 54.Kf3 Ke5 55.Ra7 Rh3+ 56.Kg2 Rh8 57.Ra5+ Kf6 58.g5+ Ke7 59.Ra7+ 
Kd6 60.Rf7 Rf8 61.Rh7 Rf5 62.Rh6 Nxg5 63.Rxg6+ Ne6 64.f4 Ke7 65.Kf3 Rh5 
66.Rg8 Kf6 67.Ra8 Kf5 68.Kg3 Ke4 69.Bf2 Nxf4 70.Ra4+ Ke5 71.Kg4 Rg5+ 72.
Kxg5 Nh3+ 73.Kg4 Nxf2+ 74.Kf3 Nd3 75.Ke3 1/2-1/2

[Event "zonal 14"]
[Site "Espoo FIN"]
[Date "1989.??.??"]
[Round "?"]
[White "Tisdall, Jonathan"]
[Black "Arnason, Jon"]
[Result "1/2-1/2"]
[WhiteElo "2465"]
[BlackElo "2520"]
[EventDate "1989.07.??"]
[PlyCount "64"]

1.Nf3 c5 2.c4 Nc6 3.g3 g6 4.d4 cxd4 5.Nxd4 Bg7 6.Nc2 Qb6 7.Nd2 a5 8.Bg2 a4
9.Rb1 d6 10.O-O Nf6 11.h3 O-O 12.Ne3 Nb4 13.Ra1 Rd8 14.a3 Nc6 15.b4 axb3 
16.Qxb3 Qa5 17.Rb1 Nd7 18.Qd1 Qa4 19.Nb3 Kf8 20.Qc2 Ra7 21.Rd1 b6 22.Bb2 
Ba6 23.Bxg7+ Kxg7 24.Qc3+ Kg8 25.Bxc6 Qxc6 26.Nd4 Qc5 27.Qb4 Rc8 28.Nd5 
Kf8 29.Qb2 e5 30.Nb5 Bxb5 31.Qxb5 Qxb5 32.Rxb5 Rxa3 1/2-1/2

[Event "zonal 14"]
[Site "Espoo FIN"]
[Date "1989.??.??"]
[Round "?"]
[White "Tisdall, Jonathan"]
[Black "Olafsson, Helgi"]
[Result "0-1"]
[WhiteElo "2465"]
[BlackElo "2545"]
[EventDate "1989.07.??"]
[PlyCount "68"]

1.d4 Nf6 2.c4 e6 3.Nf3 d5 4.Nc3 Be7 5.Bg5 h6 6.Bh4 O-O 7.e3 b6 8.Qc2 Bb7 
9.Bxf6 Bxf6 10.cxd5 exd5 11.O-O-O c5 12.h4 Nc6 13.g4 cxd4 14.exd4 g6 15.g5
hxg5 16.hxg5 Bxg5+ 17.Kb1 Kg7 18.a3 Bf6 19.Rg1 Rh8 20.Bd3 Rh6 21.Ne2 Qd6 
22.Qd2 Re8 23.Nf4 Re4 24.Bxe4 dxe4 25.Ng5 Na5 26.Ne2 Rh5 27.Nc3 Qe7 28.
Nxf7 Qxf7 29.Qe2 Rf5 30.Nxe4 Bxe4+ 31.Qxe4 Rxf2 32.Rd3 Nc4 33.Ka1 Rxb2 34.
Rdg3 Ra2+ 0-1

[Event "zonal 14"]
[Site "Espoo FIN"]
[Date "1989.??.??"]
[Round "?"]
[White "Tisdall, Jonathan"]
[Black "Petursson, Margeir"]
[Result "1-0"]
[WhiteElo "2465"]
[BlackElo "2590"]
[EventDate "1989.07.??"]
[PlyCount "77"]

1.d4 Nf6 2.c4 e6 3.Nc3 Bb4 4.Qc2 c5 5.dxc5 Bxc5 6.Bf4 Nc6 7.Nf3 Qa5 8.a3 
d5 9.e3 Be7 10.Nd2 e5 11.Bg3 d4 12.Nb3 Qd8 13.Rd1 O-O 14.Be2 a5 15.exd4 a4
16.Nxa4 Rxa4 17.d5 Nb8 18.d6 Bxd6 19.c5 Be6 20.cxd6 Nbd7 21.Nd2 Rd4 22.O-O
Rxd6 23.Nf3 Rc6 24.Qb1 Qa5 25.Ng5 Bb3 26.Rc1 Qd2 27.Rxc6 bxc6 28.Qd3 Qxg5 
29.Qxb3 Rb8 30.Qc3 Qg6 31.Bd3 Nd5 32.Qc2 Qh6 33.Re1 Nf4 34.Bf5 Qd6 35.Bxf4
exf4 36.Rd1 Re8 37.h3 Qc5 38.Rxd7 Re1+ 39.Kh2 1-0

[Event "zonal 14"]
[Site "Espoo FIN"]
[Date "1989.??.??"]
[Round "?"]
[White "Tisdall, Jonathan"]
[Black "Schussler, Harry"]
[Result "1/2-1/2"]
[WhiteElo "2465"]
[BlackElo "2540"]
[EventDate "1989.07.??"]
[PlyCount "37"]

1.d4 d6 2.e4 Nf6 3.Nc3 g6 4.g3 Bg7 5.Bg2 O-O 6.Nge2 e5 7.h3 Nc6 8.Be3 Bd7 
9.O-O exd4 10.Nxd4 Nxd4 11.Bxd4 Bc6 12.Qd2 Nd7 13.Bxg7 Kxg7 14.Nd5 Bxd5 
15.Qxd5 Rb8 16.Rad1 Qf6 17.c3 Qe5 18.Qd2 b5 19.Rfe1 1/2-1/2

[Event "zonal 14"]
[Site "Espoo FIN"]
[Date "1989.??.??"]
[Round "?"]
[White "Tisdall, Jonathan"]
[Black "Wedberg, Tom"]
[Result "1-0"]
[WhiteElo "2465"]
[BlackElo "2515"]
[EventDate "1989.07.??"]
[PlyCount "89"]

1.d4 Nf6 2.c4 e6 3.Nc3 d5 4.cxd5 exd5 5.Bg5 c6 6.Qc2 Be7 7.e3 Nbd7 8.Bd3 
O-O 9.Nge2 Re8 10.O-O Nf8 11.Rae1 Ng6 12.Ng3 Ng4 13.Bxe7 Qxe7 14.h3 Nf6 
15.a3 Bd7 16.Na4 b6 17.b4 Ne4 18.Bxe4 dxe4 19.Rd1 Rac8 20.Nc3 f5 21.Rfe1 
Be6 22.Rd2 Qf7 23.Qb2 Bc4 24.Red1 Red8 25.a4 a6 26.Qb1 Ne7 27.Nge2 Rd6 28.
Kh1 Rh6 29.Ng1 Nd5 30.Rc1 g5 31.Nxe4 fxe4 32.Rxc4 Nxe3 33.Rc3 Nd5 34.Rg3 
Qf4 35.Re2 Nf6 36.Qb3+ Kg7 37.Qe6 Rc7 38.Qe5 Rg6 39.Rxe4 Qxe4 40.Qxc7+ Kh6
41.Nf3 Qb1+ 42.Kh2 Ne4 43.Ne5 Nxf2 44.Ng4+ Nxg4+ 45.hxg4 1-0

[Event "zonal 14"]
[Site "Espoo FIN"]
[Date "1989.??.??"]
[Round "?"]
[White "Wedberg, Tom"]
[Black "Arnason, Jon"]
[Result "0-1"]
[WhiteElo "2515"]
[BlackElo "2520"]
[EventDate "1989.07.??"]
[PlyCount "94"]

1.e4 c5 2.Nf3 d6 3.d4 cxd4 4.Nxd4 Nf6 5.Nc3 a6 6.Be3 e6 7.f3 b5 8.g4 h6 9.
h4 Bb7 10.Rg1 Nfd7 11.g5 Nc6 12.Qe2 Rc8 13.Qf2 Nxd4 14.Bxd4 hxg5 15.hxg5 
Qa5 16.g6 f6 17.Bd3 b4 18.Ne2 Ne5 19.Bxe5 dxe5 20.Qa7 Qc7 21.Bxa6 Bxa6 22.
Qxa6 Qc6 23.Qxc6+ Rxc6 24.c3 Rh2 25.Rc1 bxc3 26.bxc3 Rb6 27.Rc2 Rb1+ 28.
Rc1 Rb2 29.Ng3 Bc5 30.Rh1 Bf2+ 31.Kf1 Bxg3 32.Rxh2 Bxh2 33.a4 Bf4 34.Ra1 
Be3 35.a5 Rh2 36.Ra4 Kd7 37.a6 Rh8 38.Rb4 Rc8 39.Ke2 Ba7 40.Kd3 Rc6 41.
Rb7+ Rc7 42.Rb1 Kc6 43.Kc4 Bb6 44.Rh1 Be3 45.Rh8 Bh6 46.Ra8 Kb6+ 47.Kd3 
Rc6 0-1

[Event "zonal 14"]
[Site "Espoo FIN"]
[Date "1989.??.??"]
[Round "?"]
[White "Wedberg, Tom"]
[Black "Karlsson, Lars"]
[Result "0-1"]
[WhiteElo "2515"]
[BlackElo "2510"]
[EventDate "1989.07.??"]
[PlyCount "84"]

1.e4 e6 2.d4 d5 3.Nc3 Bb4 4.e5 c5 5.a3 Ba5 6.b4 cxd4 7.Nb5 Bc7 8.f4 a6 9.
Nxd4 Nh6 10.Ngf3 Nc6 11.Bd3 Bb6 12.c3 Bd7 13.Be3 Rc8 14.Rc1 Nxd4 15.Bxd4 
Bb5 16.Bxb5+ axb5 17.a4 Nf5 18.axb5 O-O 19.Qd2 Rc4 20.O-O Qc7 21.g4 Nxd4 
22.cxd4 Qd7 23.Rxc4 dxc4 24.Kf2 f5 25.exf6 Rxf6 26.Qe3 Bc7 27.Ne5 Qxb5 28.
Kg3 Qd5 29.b5 Qxb5 30.Rc1 Rf8 31.Qc3 Bxe5 32.dxe5 Rc8 33.f5 Qd5 34.f6 b5 
35.Ra1 Rd8 36.Ra7 gxf6 37.exf6 Qd3+ 38.Qxd3 cxd3 39.Rg7+ Kh8 40.Re7 d2 41.
f7 Kg7 42.Re8 Rd3+ 0-1

[Event "zonal 14"]
[Site "Espoo FIN"]
[Date "1989.??.??"]
[Round "?"]
[White "Wedberg, Tom"]
[Black "Mortensen, Erling"]
[Result "1-0"]
[WhiteElo "2515"]
[BlackElo "2475"]
[EventDate "1989.07.??"]
[PlyCount "107"]

1.e4 e5 2.Nf3 Nc6 3.Bb5 Nf6 4.O-O Nxe4 5.d4 Nd6 6.Bxc6 dxc6 7.dxe5 Ne4 8.
Qe2 Bf5 9.Be3 Bg6 10.Rd1 Qc8 11.Nh4 Qe6 12.f3 Nc5 13.Nc3 Be7 14.Nxg6 hxg6 
15.f4 g5 16.Qf2 Nd7 17.fxg5 O-O-O 18.h3 Qxe5 19.Bf4 Qf5 20.Qg3 Nc5 21.Bxc7
Rxd1+ 22.Rxd1 Ne6 23.Bd6 Bxd6 24.Rxd6 Nxg5 25.Rd1 Ne6 26.Rf1 Qg5 27.Qf2 f6
28.Ne4 Qe5 29.Re1 Qxb2 30.Nd6+ Kd7 31.Nf5 Qb6 32.Re3 g6 33.Qd2+ Kc8 34.
Ne7+ Kb8 35.Nxg6 Rd8 36.Qf2 Nd4 37.Rd3 c5 38.Kh2 Re8 39.c3 Ne2 40.g3 Qe6 
41.h4 Qxa2 42.h5 Qc2 43.Rd7 a5 44.Qg2 Qb2 45.h6 a4 46.h7 a3 47.Re7 Rxe7 
48.h8=Q+ Ka7 49.Nxe7 a2 50.Nc8+ Ka6 51.Qxf6+ Ka5 52.Qd8+ Ka4 53.Nb6+ Kb5 
54.Qd7+ 1-0

[Event "zonal 14"]
[Site "Espoo FIN"]
[Date "1989.??.??"]
[Round "?"]
[White "Wedberg, Tom"]
[Black "Olafsson, Helgi"]
[Result "1-0"]
[WhiteElo "2515"]
[BlackElo "2545"]
[EventDate "1989.07.??"]
[PlyCount "65"]

1.e4 c5 2.Nf3 d6 3.d4 cxd4 4.Nxd4 Nf6 5.Nc3 a6 6.Be3 e6 7.f3 Nbd7 8.g4 h6 
9.h4 Ne5 10.Be2 d5 11.f4 Nc4 12.Bxc4 dxc4 13.Qf3 h5 14.O-O-O hxg4 15.Qf2 
Qc7 16.e5 Nd7 17.f5 Nc5 18.Bg5 b5 19.fxe6 Bxe6 20.Nxe6 Nxe6 21.Nd5 Qa7 22.
Qg2 Rc8 23.Qxg4 b4 24.Rhf1 Qb7 25.Qf3 Qa7 26.Be7 Nd8 27.Nc7+ Rxc7 28.Rxd8+
Kxe7 29.Qd5 Qe3+ 30.Kb1 f5 31.exf6+ gxf6 32.Qd6+ Kf7 33.Qxf6+ 1-0

[Event "zonal 14"]
[Site "Espoo FIN"]
[Date "1989.??.??"]
[Round "?"]
[White "Wedberg, Tom"]
[Black "Ostenstad, Berge"]
[Result "1-0"]
[WhiteElo "2515"]
[BlackElo "2430"]
[EventDate "1989.07.??"]
[PlyCount "73"]

1.e4 c5 2.Nf3 Nc6 3.d4 cxd4 4.Nxd4 e5 5.Nb5 d6 6.c4 Be7 7.N1c3 a6 8.Na3 h6
9.Nc2 Bg5 10.Bxg5 hxg5 11.Qd2 Rh6 12.O-O-O g4 13.Be2 Nge7 14.Qe3 Qa5 15.
Rd2 Qc5 16.Qxc5 dxc5 17.Na4 Nd4 18.Nxc5 Nxe2+ 19.Rxe2 Rc6 20.Nd3 Ng6 21.
Ne3 Be6 22.Rc2 a5 23.b3 O-O-O 24.Nd5 Kb8 25.Kb2 b5 26.Rhc1 bxc4 27.bxc4 
Ka7 28.Ka3 Rdc8 29.Rc3 f6 30.f3 Rh8 31.Rb1 Rxh2 32.Rcb3 Bc8 33.Rb5 Rxg2 
34.Nc5 gxf3 35.Rxa5+ Ba6 36.Rb7+ Ka8 37.Nc7+ 1-0

[Event "zonal 14"]
[Site "Espoo FIN"]
[Date "1989.??.??"]
[Round "?"]
[White "Wedberg, Tom"]
[Black "Petursson, Margeir"]
[Result "0-1"]
[WhiteElo "2515"]
[BlackElo "2590"]
[EventDate "1989.07.??"]
[PlyCount "80"]

1.e4 g6 2.d4 Bg7 3.Nc3 c6 4.Nf3 d6 5.Be2 Nd7 6.O-O Qc7 7.a4 Ngf6 8.a5 O-O 
9.Be3 Re8 10.Bc4 e6 11.Bb3 a6 12.Nd2 b5 13.axb6 Nxb6 14.Na4 Nxa4 15.Bxa4 
a5 16.Qf3 Ba6 17.Rfb1 Rec8 18.Ra2 Nd7 19.Rba1 Bb5 20.Bb3 c5 21.dxc5 Nxc5 
22.Bxc5 dxc5 23.Bc4 Rd8 24.Bxb5 Rxd2 25.c3 c4 26.Ra4 Rxb2 27.Rxc4 Qb6 28.
Ba4 Bf8 29.Rf1 Bc5 30.h4 Rd8 31.e5 Rdd2 32.Kh2 Rxf2 33.Rxf2 Rxf2 34.Qc6 
Qxc6 35.Bxc6 Bb6 36.Bf3 h5 37.Kg3 Ra2 38.Bc6 Re2 39.Kf4 Bg1 40.Kf3 Rxe5 
0-1

[Event "zonal 14"]
[Site "Espoo FIN"]
[Date "1989.??.??"]
[Round "?"]
[White "Westerinen, Heikki"]
[Black "Agdestein, Simen"]
[Result "0-1"]
[WhiteElo "2435"]
[BlackElo "2605"]
[EventDate "1989.07.??"]
[PlyCount "76"]

1.e4 e5 2.f4 d5 3.exd5 exf4 4.Bc4 Qh4+ 5.Kf1 Bd6 6.Nc3 Ne7 7.Ne4 O-O 8.Qe1
Qxe1+ 9.Kxe1 b5 10.Bxb5 Nxd5 11.Nxd6 cxd6 12.Ne2 Bb7 13.Kf2 h6 14.d3 Ne3 
15.Bxe3 fxe3+ 16.Kxe3 Bxg2 17.Rhg1 Bc6 18.Nd4 Bxb5 19.Nxb5 Nc6 20.Nxd6 
Rad8 21.Nf5 g6 22.Kd2 Kh7 23.Ne3 f5 24.Raf1 f4 25.Nc4 g5 26.c3 Kg6 27.d4 
Kh5 28.b4 Rfe8 29.b5 Ne5 30.Nxe5 Rxe5 31.a4 Kh4 32.Re1 Rxe1 33.Rxe1 Kh3 
34.Re7 f3 35.Rxa7 Rf8 36.Re7 f2 37.Re1 fxe1=Q+ 38.Kxe1 Kxh2 0-1

[Event "zonal 14"]
[Site "Espoo FIN"]
[Date "1989.??.??"]
[Round "?"]
[White "Westerinen, Heikki"]
[Black "Hansen, Curt"]
[Result "1/2-1/2"]
[WhiteElo "2435"]
[BlackElo "2550"]
[EventDate "1989.07.??"]
[PlyCount "37"]

1.e4 c5 2.Nf3 d6 3.d4 cxd4 4.Nxd4 Nf6 5.Nc3 a6 6.a4 e6 7.Bd3 Nc6 8.Be3 Be7
9.O-O O-O 10.Kh1 Bd7 11.f4 Nb4 12.e5 Nfd5 13.Bxh7+ Kxh7 14.Qh5+ Kg8 15.Rf3
f5 16.Rh3 Nxe3 17.Qh7+ Kf7 18.Qh5+ Kg8 19.Qh7+ 1/2-1/2

[Event "zonal 14"]
[Site "Espoo FIN"]
[Date "1989.??.??"]
[Round "?"]
[White "Westerinen, Heikki"]
[Black "Larsen, Bent"]
[Result "0-1"]
[WhiteElo "2435"]
[BlackElo "2530"]
[EventDate "1989.07.??"]
[PlyCount "126"]

1.e4 c5 2.Nf3 Nc6 3.d4 cxd4 4.Nxd4 g6 5.c4 Bg7 6.Be3 Nf6 7.Nc3 d6 8.Be2 
O-O 9.O-O Bd7 10.f3 a6 11.Qd2 Rc8 12.Rac1 Nxd4 13.Bxd4 Bc6 14.Nd5 Nd7 15.
Bxg7 Kxg7 16.f4 e6 17.Rc3 exd5 18.exd5 Ba4 19.b3 Bxb3 20.axb3 f5 21.g4 
Qb6+ 22.Qe3 Qxe3+ 23.Rxe3 Rce8 24.Rxe8 Rxe8 25.Bd1 a5 26.gxf5 gxf5 27.Bc2 
Kf6 28.Kf2 Rg8 29.Re1 Nc5 30.Re3 Rg4 31.Rh3 a4 32.bxa4 Rxf4+ 33.Rf3 Rxc4 
34.Bxf5 Ke5 35.Bxh7 Rh4 36.Rf5+ Kd4 37.Rf7 Rxh2+ 38.Kg3 Rh6 39.a5 Kxd5 40.
Bb1 Rh1 41.Ba2+ Kc6 42.Rf5 Kb5 43.Bd5 Rh7 44.Rf6 Rd7 45.Kf3 Kxa5 46.Ke3 
Kb6 47.Kd4 Kc7 48.Bf3 Rg7 49.Kc4 Nd7 50.Rf5 Ne5+ 51.Kd5 Nc6 52.Rh5 Re7 53.
Rg5 Nb4+ 54.Kc4 Na6 55.Kd5 Nc5 56.Rf5 b5 57.Bh5 Nd7 58.Kd4 Ne5 59.Bd1 Kc6 
60.Bb3 Rg7 61.Bd5+ Kb6 62.Rf8 Rg4+ 63.Be4 Nd7 0-1

[Event "zonal 14"]
[Site "Espoo FIN"]
[Date "1989.??.??"]
[Round "?"]
[White "Westerinen, Heikki"]
[Black "Ostenstad, Berge"]
[Result "1-0"]
[WhiteElo "2435"]
[BlackElo "2430"]
[EventDate "1989.07.??"]
[PlyCount "63"]

1.e4 e5 2.f4 d5 3.exd5 exf4 4.Bc4 Bd6 5.d4 Nf6 6.Qe2+ Qe7 7.Nc3 a6 8.Qxe7+
Kxe7 9.Nge2 Bf5 10.Bb3 Nh5 11.Bd2 h6 12.O-O-O g5 13.Rdf1 Bg6 14.g3 fxg3 
15.hxg3 f6 16.Rh3 Ng7 17.g4 Nd7 18.Ng3 Bxg3 19.Rxg3 Rae8 20.d6+ Kd8 21.Nd5
cxd6 22.Ba5+ Kc8 23.Rc3+ Kb8 24.Rc7 Ne6 25.Rxd7 Nxd4 26.Rxf6 Be4 27.Rdxd6 
Rc8 28.Nc3 Nxb3+ 29.axb3 Bc6 30.Rxh6 Rhf8 31.Rdf6 Rfe8 32.Rf1 1-0

[Event "zonal 14"]
[Site "Espoo FIN"]
[Date "1989.??.??"]
[Round "?"]
[White "Westerinen, Heikki"]
[Black "Tisdall, Jonathan"]
[Result "1/2-1/2"]
[WhiteElo "2435"]
[BlackElo "2465"]
[EventDate "1989.07.??"]
[PlyCount "48"]

1.e4 e6 2.d4 d5 3.Nc3 Nf6 4.e5 Nfd7 5.f4 c5 6.Nf3 Nc6 7.Be3 a6 8.Qd2 b5 9.
g3 Qb6 10.Bg2 Bb7 11.O-O cxd4 12.Nxd4 Bc5 13.Nce2 O-O 14.c3 a5 15.Bf2 b4 
16.Nxc6 Bxc6 17.Bxc5 Qxc5+ 18.Nd4 Bb7 19.Rfc1 Qb6 20.Qf2 g6 21.Nb3 bxc3 
22.Qxb6 Nxb6 23.Rxc3 Na4 24.Rc2 Ba6 1/2-1/2

[Event "zonal 14"]
[Site "Espoo FIN"]
[Date "1989.??.??"]
[Round "?"]
[White "Westerinen, Heikki"]
[Black "Wedberg, Tom"]
[Result "0-1"]
[WhiteElo "2435"]
[BlackElo "2515"]
[EventDate "1989.07.??"]
[PlyCount "123"]

1.e4 e5 2.f4 exf4 3.Bc4 Nf6 4.Nc3 c6 5.d4 Bb4 6.e5 Ne4 7.Qh5 d5 8.exd6 O-O
9.Ne2 Nd7 10.Bxf4 Ndf6 11.Qh4 Nxd6 12.Bxd6 Bxd6 13.O-O Be7 14.Qf4 Bg4 15.
h3 Bh5 16.Qf2 b5 17.Bd3 b4 18.Na4 Nd5 19.c4 bxc3 20.Naxc3 Bh4 21.g3 Bg5 
22.Nxd5 Qxd5 23.Nc3 Qd8 24.Ne4 Be7 25.Rac1 Rc8 26.Bc4 Bg6 27.Nc5 Qd6 28.
Rcd1 Rce8 29.Qf4 Qxf4 30.Rxf4 Rd8 31.Nb3 Bd6 32.Rf3 c5 33.g4 cxd4 34.Bd3 
Bc7 35.Bxg6 hxg6 36.Kf1 Bb6 37.a4 a5 38.Ke2 Rfe8+ 39.Kd3 Re3+ 40.Rxe3 
dxe3+ 41.Ke2 Rxd1 42.Kxd1 f5 43.Ke2 f4 44.Nc1 Bc7 45.Nb3 Kf7 46.Nd4 Bb6 
47.Nf3 Ke6 48.Nh4 g5 49.Nf3 Bd8 50.Kd3 Kd5 51.b3 Kc5 52.Nd4 Bf6 53.Nc2 Bb2
54.Ke4 Bc3 55.Kd3 Bd2 56.Ke2 Kd5 57.Kf3 Ke5 58.Na3 Kd4 59.Nc4 Kd3 60.Ne5+ 
Kc2 61.Ke2 Kxb3 62.Nf3 0-1

[Event "zonal 14"]
[Site "Espoo FIN"]
[Date "1989.??.??"]
[Round "?"]
[White "Yrjola, Jouni"]
[Black "Olafsson, Helgi"]
[Result "1/2-1/2"]
[WhiteElo "2460"]
[BlackElo "2545"]
[EventDate "1989.07.??"]
[PlyCount "26"]

1.d4 Nf6 2.c4 e6 3.Nc3 Bb4 4.Qc2 O-O 5.a3 Bxc3+ 6.Qxc3 b6 7.Bg5 h6 8.Bh4 
Ba6 9.e3 d6 10.Nf3 Nbd7 11.Bd3 c5 12.O-O cxd4 13.exd4 Rc8 1/2-1/2